00676cam a22001691 450000100100000000500170001000800410002704000250006810000300009324501250012326000340024830000210028250400300030365000480033395201100038199900150049100000131620200929145535.0870523s1949 sz b 000 0 fre  aDO-SdBNPbspacBNPHU1 aPerrenoud, Georges.9445310aRegime des privileges et immunites des missions diplomatiques etrangeres et des organisations internationales en Suisse. aLausanne, :bF. Rouge,c1949. a253 p. ;c23 cm. aBibliography: p. 245-248. 0aDiplomatic privileges and immunities.94454 001052708MOaGRbGRcHDd2009-09-22iLF1l0o p1316-10r2020-06-25w2020-06-25y2ZPréstamo interno c1252d1252